Λογιστική Εταιριών / Γ' 'Εκδοση (Record no. 5126)
[ view plain ]
| 000 -LEADER | |
|---|---|
| fixed length control field | 02761cam a22002294a 4500 |
| 005 - ΗΜΕΡΟΜΗΝΙΑ ΚΑΙ ΩΡΑ ΤΕΛΕΥΤΑΙΑΣ ΕΝΗΜΕΡΩΣΗΣ | |
| Πεδίο ελέγχου | 20250605164205.0 |
| 008 - FIXED-LENGTH DATA ELEMENTS--GENERAL INFORMATION | |
| Πεδίο ελέγχου σταθερού μήκους | 250528s ||||||||||||||||||||||||d |
| 035 ## - SYSTEM CONTROL NUMBER | |
| System control number | 19883 |
| 020 ## - ISBN | |
| ISBN | 9607306341 |
| 040 ## - ΠΗΓΗ ΚΑΤΑΛΟΓΟΓΡΑΦΗΣΗΣ | |
| Φορέας πρωτότυπης καταλογογράφησης | MC Athens Campus Library |
| Γλώσσα καταλογογράφησης | Ελληνικά, Μοντέρνα (1453-) |
| Modifying agency | MC Athens Campus Library |
| Κανόνες περιγραφικής καταλογογράφησης | AACR2 |
| 245 1# - ΤΙΤΛΟΣ ΚΑΙ ΔΗΛΩΣΗ ΥΠΕΥΘΥΝΟΤΗΤΑΣ | |
| Τίτλος | Λογιστική Εταιριών / Γ' 'Εκδοση |
| 250 ## - EDITION STATEMENT | |
| Edition statement | 3η |
| 260 ## - PUBLICATION, DISTRIBUTION, ETC. | |
| Name of publisher, distributor, etc. | Σταμούλης Α, |
| Date of publication, distribution, etc. | 2000 |
| 300 ## - PHYSICAL DESCRIPTION | |
| Extent | 582 |
| 505 0# - FORMATTED CONTENTS NOTE | |
| Formatted contents note | Πρόλογος και Εισαγωγή, Αρχές και Κανόνες της Εταιρικής Συνεργασίας, Προσωπικές Εταιρίες, Ανώνυμη Εταιρία: Α' Σύσταση και Λειτουργία, Ανώνυμη Εταιρία: Β' Μετοχικό Κεφάλαιο - Μετοχές - Ιδρυτικοί Τίτλοι, Ανώνυμη Εταιρία: Γ' Διάθεση Κέρδων - Αποθεματικά και Προβλέψεις - Λύση, Ανώνυμη Εταιρία: Δ' Περί Ομολογιακών Δανείων, Μικτές Εταιρίες: Εταιρία Περιορισμένης Ευθύνης και Ετερόρρυθμη κατά Μετοχές Εταιρία, Μετασχηματισμοί Εταιριών: Μετατροπές - Συγχωνεύσεις - Διασπάσεις, Όμιλοι Εταιριών και Ενοποιημένες Οικονομικές Καταστάσεις, Διάρθρωση του Σχεδίου Λογαριασμών Ε.Γ.Λ.Σ., Βιβλιογραφία. |
| 520 ## - SUMMARY, ETC. | |
| Summary, etc. | Πρόλογος και Εισαγωγή, Αρχές και Κανόνες της Εταιρικής Συνεργασίας, Προσωπικές Εταιρίες, Ανώνυμη Εταιρία: Α' Σύσταση και Λειτουργία, Ανώνυμη Εταιρία: Β' Μετοχικό Κεφάλαιο - Μετοχές - Ιδρυτικοί Τίτλοι, Ανώνυμη Εταιρία: Γ' Διάθεση Κέρδων - Αποθεματικά και Προβλέψεις - Λύση, Ανώνυμη Εταιρία: Δ' Περί Ομολογιακών Δανείων, Μικτές Εταιρίες: Εταιρία Περιορισμένης Ευθύνης και Ετερόρρυθμη κατά Μετοχές Εταιρία, Μετασχηματισμοί Εταιριών: Μετατροπές - Συγχωνεύσεις - Διασπάσεις, Όμιλοι Εταιριών και Ενοποιημένες Οικονομικές Καταστάσεις, Διάρθρωση του Σχεδίου Λογαριασμών Ε.Γ.Λ.Σ., Βιβλιογραφία. |
| 700 1# - ΠΡΟΣΘΕΤΗ ΑΝΑΓΡΑΦΗ--ΦΥΣΙΚΟ ΠΡΟΣΩΠΟ | |
| Personal name | Παπαναστασάτος Αναστάσιος Σπ |
| 9 (RLIN) | 6033 |
| 700 1# - ΠΡΟΣΘΕΤΗ ΑΝΑΓΡΑΦΗ--ΦΥΣΙΚΟ ΠΡΟΣΩΠΟ | |
| Personal name | Σαρσέντης Βασίλειος Ν |
| 9 (RLIN) | 6034 |
| 942 ## - ADDED ENTRY ELEMENTS (KOHA) | |
| Koha item type | Books |
| Τύπος τεκμηρίου | Βιβλιοθήκη | Τρέχουσα τοποθεσία | Barcode | Αριθμός εισαγωγής | Ημερομηνία απόκτησης | Ταξιθετικό σύμβολο | Αριθμός αντιτύπου | Κατάσταση απόσυρσης | Κατάσταση χαμένου | Κατάσταση κατεστραμμένου | Μη δανεισμός | Σύνολο δανεισμών | Ημερομηνία τελευταίας εμφάνισης | Η τιμή ισχύει από |
|---|---|---|---|---|---|---|---|---|---|---|---|---|---|---|
| Books | MC Athens Campus Library | MC Athens Campus Library | 9780000051257 | 6043 | 05/06/2025 | 657.95 SAR | 1 | 05/06/2025 | 05/06/2025 |